000 00858cam a2200277 a 4500
001 STB034909
003 PILC
005 20150924150642.0
008 121218s2012 njua b 001 0 eng
010 _a2012037951
020 _a9789814598514
040 _aDLC
_cDLC
_dDLC
042 _apcc
050 0 0 _aQA 76.9.S88
_b.K334 2014
100 1 _aKendall, Kenneth E.,
_d1948-
245 1 0 _aSystems analysis and design /
_cKenneth E. Kendall and Julie E. Kendall.
250 _a9th edition.
260 _aUpper Saddle River, NJ :
_bPearson,
_c2014.
300 _axxviii, 518 pages :
_billustration ;
_c30 cm.
500 _aIncludes bibliographical references and index.
650 0 _aSystem design.
650 0 _aSystem analysis.
650 0 _aSystems programming (Computer science)
700 1 _aKendall, Julie E.,
_d1952-
942 _2lcc
_cBK
_kFOR
999 _c288744
_d288744